Unidad de adquisición de datos para computador MC68000

Spremljeno u:
Bibliografski detalji
Glavni autor: Porras Vargas, Roger
Format: Knjiga
Izdano: San José, Costa Rica 1990
Teme:
Oznake: Dodaj oznaku
Bez oznaka, Budi prvi tko označuje ovaj zapis!

MARC

LEADER 00000nam a2200000Ia 4500
003 004924
005 20221231144334.0
008 140114s1990 cr a m 000 ||s d
040 |c cru CEDI 
090 |a TFG 2317 
100 |a Porras Vargas, Roger  |9 13109 
245 |a Unidad de adquisición de datos para computador MC68000 
260 |c 1990  |a San José, Costa Rica 
300 |a  viii, [99] hojas : ilustraciones ; 28 cm  
500 |a  Proyecto de graduación (bachillerato en ingeniería eléctrica)--Universidad de Costa Rica. Facultad de Ingeniería. Escuela de Ingenieria Eléctrica 
650 |x ELECTRONICA DIGITAL   |x PROCESAMIENTO ELECTRONICO DE DATOS   |x MOTOROLA 68000 (MICROPROCESADOR)  |9 13110 
942 |c TFG 
999 |c 20402  |d 20402